[Event "NED-chT 9697"]
[Site "?"]
[Date "1996.??.??"]
[Round "?"]
[White "Delemarre Jop"]
[Black "Bohm Hans"]
[Result "1-0"]
[WhiteElo "2325"]
[BlackElo "2390"]
[PlyCount "99"]
[EventDate "1996.??.??"]
[Source "www.chesslib.no"]
[SourceDate "2004.05.04"]

1. d4 f5 2. g3 e6 3. Bg2 Nf6 4. Nf3 d5 5. O-O c6 6. c4 Be7 7. b3 O-O 8. Bb2 Bd7 9. Ne5 Be8 10. Nd2 Nbd7 11. Nd3 g5 12. Nf3 Ng4 13. Qc1 Bg6 14. h3 Nh6 15. Qe3 Bf7 16. Nc5 f4 17. gxf4 Nf5 18. Qd2 gxf4 19. Qxf4 Bf6 20. Nxd7 Qxd7 21. Ne5 Qd8 22. cxd5 cxd5 23. Ba3 Be7 24. Bxe7 Nxe7 25. Qg4+ Ng6 26. Nxg6 hxg6 27. Rfc1 Rc8 28. e3 Kg7 29. Qg3 Kh6 30. Bf3 Qf6 31. Bg4 g5 32. Qe5 Qxe5 33. dxe5 Bg8 34. Kf1 Kg7 35. Ke2 Kf7 36. Kd2 Rc6 37. Rxc6 bxc6 38. Rc1 Rc8 39. Rc5 Ke7 40. b4 Kd7 41. a4 Rf8 42. Ra5 Rxf2+ 43. Kc3 Kc7 44. Rxa7+ Kb6 45. Rd7 Bf7 46. a5+ Ka6 47. Rc7 Bg6 48. Rxc6+ Kb5 49. Rb6+ Ka4 50. Bd1+ 1-0

[Event "POL Team Ch"]
[Site "Mikolajki"]
[Date "1991.??.??"]
[Round "8"]
[White "Pisulinski, Jan"]
[Black "Lukasiewicz, Grzegorz"]
[Result "1-0"]
[WhiteElo "2385"]
[BlackElo "2315"]
[PlyCount "85"]
[EventDate "1991.??.??"]
[Source "www.chesslib.no"]
[SourceDate "2004.05.04"]

1. d4 f5 2. Nf3 Nf6 3. g3 e6 4. Bg2 Be7 5. O-O O-O 6. c4 d5 7. b3 Bd7 8. Bb2 c6 9. Nbd2 Be8 10. Ne5 Bh5 11. Re1 Nbd7 12. Ndf3 h6 13. Qd3 Nxe5 14. dxe5 Ne4 15. Nd4 Bc5 16. e3 Qe7 17. Rec1 a5 18. a4 Rfd8 19. cxd5 Bxd4 20. Bxd4 Rxd5 21. Qc2 Rad8 22. Bxe4 fxe4 23. Qxe4 c5 24. Bc3 b6 25. f4 Bg4 26. Qg2 Bd1 27. Rab1 Qd7 28. Qf1 Bg4 29. Qc4 Kh8 30. Re1 Qe8 31. e4 Rd3 32. f5 Qh5 33. Rb2 exf5 34. exf5 Qxf5 35. e6 Rf3 36. e7 Re8 37. Rd2 Kh7 38. Rd8 Bh5 39. g4 Qf7 40. gxh5 Qxh5 41. Qe4+ Rf5 42. Rxe8 Qg6+ 43. Qg2 1-0

[Event "T. Tustonica Memorial"]
[Site "Vinkovci CRO"]
[Date "1982.04.??"]
[Round "12"]
[White "Kovacevic, Vlatko"]
[Black "Grguric, Zeljko"]
[Result "1-0"]
[WhiteElo "2495"]
[BlackElo "2200"]
[PlyCount "97"]
[EventDate "1982.??.??"]
[Source "www.chesslib.no"]
[SourceDate "2004.05.04"]

1. d4 d5 2. Nf3 e6 3. g3 f5 4. Bg2 Nf6 5. O-O Be7 6. c4 c6 7. b3 O-O 8. Bb2 Nbd7 9. Ng5 Nb6 10. c5 h6 11. Nh3 Nbd7 12. Nf4 Kf7 13. f3 Re8 14. e4 Nf8 15. exf5 exf5 16. Nc3 g5 17. Nd3 Ng6 18. b4 Bf8 19. Re1 Bd7 20. Ne5+ Kg7 21. Bf1 a5 22. a3 axb4 23. axb4 Rxa1 24. Qxa1 b6 25. Na4 bxc5 26. Nxc5 Bxc5 27. dxc5 Nxe5 28. Bxe5 Kg6 29. Kf2 Qe7 30. Bxf6 Qxe1+ 31. Qxe1 Rxe1 32. Kxe1 Kxf6 33. f4 gxf4 34. gxf4 Kg6 35. Be2 Bc8 36. Kd2 Kf6 37. Kc3 Ke6 38. Kd4 Bb7 39. Bd3 Kf6 40. b5 Ke6 41. b6 Kf6 42. Kc3 Ke6 43. Kb4 Bc8 44. Ka5 d4 45. Bc4+ Kf6 46. Kb4 Kg6 47. Bd3 Kh5 48. Bxf5 Ba6 49. Bd7 1-0

[Event "CRO Team Ch"]
[Site "Tucepi"]
[Date "1996.??.??"]
[Round "?"]
[White "Misanovic, Vesna"]
[Black "Medic, Mirjana"]
[Result "1/2-1/2"]
[WhiteElo "2375"]
[BlackElo "2320"]
[PlyCount "29"]
[EventDate "1996.??.??"]
[Source "www.chesslib.no"]
[SourceDate "2004.05.04"]

1. d4 e6 2. c4 f5 3. Nf3 Nf6 4. g3 Be7 5. Bg2 d5 6. O-O O-O 7. b3 Ne4 8. Ne5 c6 9. f3 Nd6 10. Nc3 Nd7 11. e4 fxe4 12. fxe4 Rxf1+ 13. Kxf1 Nxe5 14. dxe5 Nf7 15. exd5 1/2-1/2

[Event "Sevilla op"]
[Site "Sevilla"]
[Date "1999.??.??"]
[Round "7"]
[White "Martinez, D."]
[Black "Vega, F."]
[Result "1-0"]
[WhiteElo "2285"]
[BlackElo "2410"]
[PlyCount "103"]
[EventDate "1999.??.??"]
[Source "www.chesslib.no"]
[SourceDate "2004.05.04"]

1. d4 e6 2. c4 f5 3. g3 Nf6 4. Bg2 Be7 5. Nf3 d5 6. b3 O-O 7. O-O Bd7 8. Ba3 Nc6 9. Ne5 Be8 10. cxd5 exd5 11. Nxc6 Bxc6 12. e3 Bxa3 13. Nxa3 Qd6 14. Qc1 a5 15. Qc5 Qe6 16. Rac1 Ne4 17. Qc2 Qd6 18. Qb2 Rf6 19. f3 Ng5 20. Rfe1 Re6 21. Nb1 Rae8 22. Qd2 Qe7 23. Kf2 Rh6 24. h4 Nf7 25. Qxa5 Re6 26. Qd2 Nd6 27. Nc3 Kh8 28. f4 Rg6 29. Bf3 Qe6 30. Bh5 Ne4+ 31. Nxe4 fxe4 32. Bxg6 Qxg6 33. Qe2 h5 34. Rg1 Bd7 35. Rxc7 Bg4 36. Qc2 Re6 37. Rc8+ Kh7 38. Rc5 Bf3 39. Rxd5 Qg4 40. Rg5 Qh3 41. Ke1 Rc6 42. Rc5 Rg6 43. Qf2 Qd7 44. Kd2 Ra6 45. Kc1 b6 46. Rc3 b5 47. Kb1 b4 48. Rc5 Qb7 49. Rgc1 Ra8 50. Qf1 Qa7 51. R1c2 Qa3 52. Rc8 1-0

[Event "Oberwart Open"]
[Site "Oberwart AUT"]
[Date "1994.??.??"]
[Round "9"]
[White "Skomorokhin, Roman"]
[Black "Kummer, Helmut"]
[Result "1-0"]
[WhiteElo "2395"]
[BlackElo "2295"]
[PlyCount "175"]
[EventDate "1994.07.??"]
[Source "www.chesslib.no"]
[SourceDate "2004.05.04"]

1. d4 f5 2. Nf3 Nf6 3. g3 e6 4. Bg2 d5 5. O-O c6 6. c4 Be7 7. b3 O-O 8. Bb2 Bd7 9. Ne5 Be8 10. Nd2 Nbd7 11. Nd3 g5 12. Nf3 Ne4 13. Nfe5 Nxe5 14. Nxe5 Bh5 15. f3 Nd6 16. Qd2 Nf7 17. Nd3 Bf6 18. Nc5 Qc8 19. e4 b6 20. Nd3 dxe4 21. fxe4 Qd7 22. e5 Be7 23. d5 cxd5 24. cxd5 exd5 25. e6 Qxe6 26. Rae1 Qd7 27. Rxe7 Qxe7 28. Bxd5 Rac8 29. Ba1 Rfd8 30. Qb2 Qe3+ 31. Kh1 Kf8 32. Re1 Qxe1+ 33. Nxe1 Rxd5 34. Qg7+ Ke8 35. Qg8+ Kd7 36. Qxh7 Rc1 37. Bc3 Rxc3 38. Qxh5 Ke7 39. Qe2+ Kf8 40. Nc2 g4 41. Nb4 Rd8 42. Qb2 Rc7 43. Kg1 a5 44. Na6 Re7 45. Qc2 Rd5 46. Qc1 Rde5 47. Kf1 Ng5 48. Nc7 Re3 49. Nd5 Rf3+ 50. Kg1 Re2 51. Nf4 Nh3+ 52. Nxh3 gxh3 53. Qh6+ Ke7 54. Qh7+ Kf8 55. Qh6+ Ke7 56. Qh7+ Kf8 57. Qxh3 Rfe3 58. Qxf5+ Ke7 59. Qg5+ Kf7 60. Qf4+ Ke7 61. Qg5+ Kf7 62. Qf5+ Ke7 63. Kf1 Re1+ 64. Kg2 R1e2+ 65. Kh3 Re6 66. Qh7+ Kf6 67. a4 R2e3 68. Kh4 Rxb3 69. g4 Rb4 70. Qf5+ Ke7 71. Kh5 Rxa4 72. g5 Rae4 73. Qh7+ Kf8 74. Qh8+ Ke7 75. Qg7+ Ke8 76. Qg8+ Kd7 77. Qf7+ Kd6 78. Qf2 Re2 79. Qf8+ Kd7 80. h4 R2e4 81. Qf7+ Kd8 82. Qf2 Ke7 83. g6 Rf6 84. Qg3 Rff4 85. Qg5+ Ke8 86. g7 Rxh4+ 87. Kg6 Re6+ 88. Kf5 1-0

[Event "Havana Open"]
[Site "Havana CUB"]
[Date "1993.??.??"]
[Round "?"]
[White "Barredo, Luis"]
[Black "Paneque, Pedro"]
[Result "0-1"]
[WhiteElo "2260"]
[BlackElo "2415"]
[PlyCount "58"]
[EventDate "1993.??.??"]
[Source "www.chesslib.no"]
[SourceDate "2004.05.04"]

1. d4 e6 2. Nf3 d5 3. c4 f5 4. g3 Nf6 5. Bg2 Be7 6. O-O O-O 7. b3 Bd7 8. Ba3 Bxa3 9. Nxa3 Nc6 10. Nb5 Be8 11. Rc1 a6 12. Nc3 Qd6 13. cxd5 exd5 14. Qd2 Rd8 15. Na4 Ne4 16. Qb2 b6 17. a3 Ne7 18. Nc3 c5 19. Rfd1 Bh5 20. dxc5 bxc5 21. b4 c4 22. Rd4 Qf6 23. Rcd1 Nc6 24. e3 Nxd4 25. Rxd4 g5 26. Ne2 Qg7 27. Qc1 f4 28. exf4 gxf4 29. Rxe4 dxe4 0-1

[Event "CZE-chT2a 0001"]
[Site "?"]
[Date "2001.??.??"]
[Round "8"]
[White "Jirovsky Pavel"]
[Black "Pokorny Zdenek"]
[Result "1-0"]
[WhiteElo "2345"]
[BlackElo "2330"]
[PlyCount "81"]
[EventDate "2001.??.??"]
[Source "www.chesslib.no"]
[SourceDate "2004.05.04"]

1. d4 f5 2. Nf3 Nf6 3. g3 e6 4. Bg2 d5 5. O-O c6 6. c4 Be7 7. b3 O-O 8. Bb2 Ne4 9. Nbd2 Nd7 10. Ne1 Bf6 11. e3 b5 12. cxb5 cxb5 13. Nd3 a5 14. Nxe4 dxe4 15. Nf4 Ra6 16. Qe2 Rd6 17. Rfc1 Ba6 18. Qe1 g5 19. Nh5 Bh8 20. g4 Bb7 21. Rc2 fxg4 22. Qe2 e5 23. Qxb5 Ba6 24. Qa4 exd4 25. exd4 Bxd4 26. Bxd4 Nc5 27. Rxc5 Rxd4 28. Rxg5+ Kh8 29. Qxa5 Rd1+ 30. Bf1 Qxa5 31. Rxa5 Rxa1 32. Rxa6 e3 33. Ng3 Rxf2 34. Re6 Re1 35. Rxe3 Rexf1+ 36. Nxf1 Rxa2 37. b4 Rb2 38. Re4 h5 39. Ng3 h4 40. Nf1 g3 41. Rxh4+ 1-0

[Event "Espoo"]
[Site "Espoo"]
[Date "1990.??.??"]
[Round "9"]
[White "Henttinen, Markku I.O"]
[Black "Andreasson, Ingvar"]
[Result "1/2-1/2"]
[WhiteElo "2300"]
[BlackElo "2370"]
[PlyCount "44"]
[EventDate "1990.??.??"]
[Source "www.chesslib.no"]
[SourceDate "2004.05.04"]

1. d4 e6 2. Nf3 f5 3. g3 Nf6 4. Bg2 d5 5. O-O Be7 6. c4 O-O 7. b3 Nc6 8. e3 Bd7 9. Ne5 Nxe5 10. dxe5 dxc4 11. Bb2 Ne4 12. bxc4 Bc6 13. Qc2 Bb4 14. Nc3 Bxc3 15. Bxc3 a5 16. Bd4 Qe7 17. Rab1 Rfd8 18. Qb2 Qb4 19. Qc2 Qf8 20. Qb2 Qb4 21. Qc2 Qf8 22. Qb2 Qb4 1/2-1/2

[Event "Moscow4"]
[Site "Moscow"]
[Date "1990.??.??"]
[Round "?"]
[White "Berkovich, Mark A"]
[Black "Garkov, Mitko"]
[Result "1/2-1/2"]
[WhiteElo "2345"]
[BlackElo "2315"]
[PlyCount "56"]
[EventDate "1990.??.??"]
[Source "www.chesslib.no"]
[SourceDate "2004.05.04"]

1. c4 e6 2. Nf3 f5 3. g3 Nf6 4. Bg2 d5 5. O-O Be7 6. d4 O-O 7. b3 b6 8. Ba3 c5 9. Nc3 Bb7 10. Rc1 dxc4 11. dxc5 Bxc5 12. Bxc5 bxc5 13. bxc4 Qe7 14. Qa4 Nbd7 15. Rfd1 Nb6 16. Qb5 Bxf3 17. Bxf3 Rab8 18. Qa6 Ne8 19. Nb5 Nc8 20. Rc3 e5 21. Bd5+ Kh8 22. Qa5 Rb6 23. Rb3 Rff6 24. Bg2 e4 25. Nc3 Rfd6 26. Nd5 Qd8 27. Qxc5 Rbc6 28. Qd4 Nb6 1/2-1/2

[Event "Moscow Open"]
[Site "Moscow RUS"]
[Date "1995.??.??"]
[Round "5"]
[White "Zarubin, Pavel"]
[Black "Gevorgjan, K."]
[Result "1-0"]
[WhiteElo "2425"]
[BlackElo "2215"]
[PlyCount "82"]
[EventDate "1995.??.??"]
[Source "www.chesslib.no"]
[SourceDate "2004.05.04"]

1. d4 e6 2. c4 f5 3. g3 Nf6 4. Bg2 Be7 5. Nf3 O-O 6. O-O d5 7. Qc2 c6 8. b3 Qe8 9. Ba3 Bxa3 10. Nxa3 a5 11. Qb2 Qe7 12. Nc2 Nbd7 13. Nce1 Ne4 14. Nd3 b6 15. Rac1 Bb7 16. Nfe5 Nxe5 17. Nxe5 c5 18. cxd5 exd5 19. e3 Rac8 20. Rfd1 Rfd8 21. f3 Nd6 22. f4 Ne4 23. Qa3 Qc7 24. Bh3 Nd6 25. g4 c4 26. Qb2 c3 27. Qg2 Ne4 28. gxf5 Nf6 29. Qe2 Ra8 30. Rc2 Ba6 31. Qe1 Ne4 32. Bg2 Rd6 33. Bxe4 dxe4 34. Qxc3 Qe7 35. Qc7 Qf6 36. Rc6 Rxc6 37. Qxc6 Qxc6 38. Nxc6 Kf7 39. d5 Ke8 40. Rd4 Kd7 41. Rxe4 Bd3 1-0

[Event "Kiekrz Open"]
[Site "Kiekrz"]
[Date "1995.??.??"]
[Round "3"]
[White "Schmidt, Wolfgang 1"]
[Black "Boe Olsen, Mads"]
[Result "1/2-1/2"]
[WhiteElo "2310"]
[BlackElo "2315"]
[PlyCount "42"]
[EventDate "1995.??.??"]
[Source "www.chesslib.no"]
[SourceDate "2004.05.04"]

1. Nf3 e6 2. c4 f5 3. g3 Nf6 4. Bg2 Be7 5. O-O O-O 6. d4 d5 7. b3 b6 8. Bb2 Bb7 9. Nbd2 Bd6 10. Qc2 c6 11. Ne5 Nbd7 12. cxd5 cxd5 13. Rfc1 Ne4 14. Nxe4 fxe4 15. Nxd7 Qxd7 16. f3 Rac8 17. Qd2 Qf7 18. Rxc8 Rxc8 19. fxe4 dxe4 20. Rc1 Rxc1+ 21. Qxc1 h5 1/2-1/2

[Event "IND Ch"]
[Site "Indianapolis, IN USA"]
[Date "1988.??.??"]
[Round "?"]
[White "Ganesan, Sankar"]
[Black "Mohanty, Pabitra M"]
[Result "1/2-1/2"]
[WhiteElo "2270"]
[BlackElo "2350"]
[PlyCount "120"]
[EventDate "1988.??.??"]
[Source "www.chesslib.no"]
[SourceDate "2004.05.04"]

1. d4 e6 2. c4 f5 3. Nf3 Be7 4. g3 Nf6 5. Bg2 O-O 6. O-O c6 7. b3 d5 8. Nbd2 Qe8 9. Ne5 b6 10. Qc2 Bb7 11. cxd5 Nxd5 12. Bb2 Na6 13. a3 Rc8 14. e4 fxe4 15. Bxe4 Qh5 16. b4 Nb8 17. Qb3 Ba6 18. Bd3 Bxd3 19. Qxd3 Bd6 20. Rae1 Rf6 21. f4 Rh6 22. Qe2 Bxe5 23. Qxh5 Bxd4+ 24. Bxd4 Rxh5 25. Rxe6 c5 26. Rc1 Nc6 27. Bf2 Nf6 28. bxc5 b5 29. Kg2 Rd5 30. Nf3 a5 31. h3 h6 32. Rce1 b4 33. axb4 Nxb4 34. Ne5 Rd2 35. Kf3 a4 36. Ra1 Ra8 37. Be1 Rb2 38. Bxb4 Rxb4 39. Rb6 Nd5 40. Rxb4 Nxb4 41. c6 a3 42. c7 a2 43. Rd1 Kh7 44. f5 Nd5 45. f6 Nxc7 46. f7 Ne6 47. Ra1 g6 48. Ke4 Kg7 49. Kd5 Ng5 50. f8=Q+ Kxf8 51. Nxg6+ Kg7 52. Nf4 Ra4 53. Ne6+ Nxe6 54. Kxe6 Kg6 55. Ke5 Kg5 56. Kd5 Ra3 57. Ke4 Kf6 58. Kd5 Ra4 59. Rf1+ Ke7 60. Re1+ Kf6 1/2-1/2

[Event "It Open"]
[Site "Neuwied GER"]
[Date "1994.??.??"]
[Round "?"]
[White "Virnik, Elena"]
[Black "Spiess, Gunter"]
[Result "1-0"]
[WhiteElo "2205"]
[BlackElo "2415"]
[PlyCount "85"]
[EventDate "1994.??.??"]
[Source "www.chesslib.no"]
[SourceDate "2004.05.04"]

1. d4 e6 2. c4 f5 3. g3 Nf6 4. Bg2 Be7 5. Nf3 O-O 6. O-O d5 7. b3 Nc6 8. Bb2 Bd7 9. Nc3 Ne4 10. cxd5 Nxc3 11. Bxc3 exd5 12. Qd2 Bf6 13. Ne5 Be8 14. e3 Ne7 15. Bb4 c6 16. Rfc1 Kh8 17. Rab1 Rg8 18. Bc5 g5 19. Qb4 b6 20. Bxe7 Bxe7 21. Qd2 Rc8 22. Rc2 Bf6 23. Rbc1 Bxe5 24. dxe5 Bd7 25. e6 Bxe6 26. Rxc6 Rxc6 27. Rxc6 Qf6 28. Qd4 Qxd4 29. exd4 Rg6 30. Rd6 Bg8 31. Rd8 Kg7 32. Bxd5 Bxd5 33. Rxd5 Rf6 34. Kf1 Rf7 35. Ke2 Kf6 36. Rd6+ Ke7 37. Rh6 Kd7 38. Kd3 Kc7 39. a4 a6 40. a5 bxa5 41. Rxa6 Kb7 42. Rxa5 Kb6 43. Rc5 1-0